01160cam a2200217 a 4500008004100000020001500041245007300056260008600129300003800215500003000253500024300283504004100526650005300567650005200620700003000672710004900702711016400751003000100915005001700916040000900933  a921131281702aA reappraisal of the urban planning process /cedited by A.C. Mosha. aNairobi, Kenya :bUnited Nations Centre for Human Settlements (Habitat),c[1995?] av, 265 p. :bill., maps ;c30 cm. a"HS/365/95E"--T.p. verso. a"This book is an outcome of ... the International Conference on Re-appraising the Urban Planning Process as an Instrument for Sustainable Urban Development and Management that was held at Nairobi, Kenya, from 3 to 7 October 1994"--Introd. aIncludes bibliographical references. 0aCity planningzDeveloping countriesxCongresses. 0aUrbanizationzDeveloping countriesxCongresses.1 aMosha, Alexander Clement.2 aUnited Nations Centre for Human Settlements.2 aInternational Conference on Re-appraising the Urban Planning Process as an Instrument of Sustainable Urban Development and Managementd(1994 :cNairobi, Kenya)20230123134240.0 cNUST